| 000 | 01025nmm a2200301 a 4500 | ||
|---|---|---|---|
| 001 | ocm0002015384 | ||
| 003 | TR-IsHL | ||
| 005 | 20201028175403.0 | ||
| 008 | 181027s2008 tu tur | ||
| 007 | cr cn | ||
| 020 | _a9786055988029 | ||
| 035 |
_a2015384 _b(N$T) |
||
| 050 | 0 | 4 |
_aPL314.A54 _bA8 2008 |
| 090 | 0 | 4 |
_aPL314.A54 _bA8 2008 |
| 100 | 1 | _aAtay, Ayşe | |
| 245 | 1 | 0 |
_aBeş katlı evin altıncı katındaki adam: Anar hayatı, sanatı ve hikâyeleri _h[electronic resource] / _cAyşe Atay |
| 250 | _a1. Baskı | ||
| 260 |
_aAnkara : _bBengü Yayınları, _c2008 |
||
| 300 | _a272 p. | ||
| 650 | 4 | _aDil ve Edebiyat | |
| 650 | 4 | _aLanguage and Literature | |
| 650 | 0 |
_aÖyküler, Azeri _x Tarih ve eleştiri |
|
| 650 | 0 |
_aShort stories, Azerbaijani _x History and criticism |
|
| 650 | 0 | _aAnar Rızayev | |
| 650 | 0 | _aAnar, Rzayev | |
| 650 | 7 |
_aLITERARY COLLECTIONS / Middle Eastern _2bisacsh |
|
| 856 | 4 | 0 | _uhttp://search.ebscohost.com/login.aspx?direct=true&scope=site&db=e011xww&AN=2015384 |
| 999 |
_c18646 _d18646 |
||